Central Library OPAC University of Rajshahi

Sophocles, three tragedies. Antigone. Oedipus the king, Electra / (Record no. 65595)

MARC details
000 -LEADER
fixed length control field 00680nam a2200217 a 4500
001 - CONTROL NUMBER
control field 65595
003 - CONTROL NUMBER IDENTIFIER
rucl marc code BD-RjUL
005 - DATE AND TIME OF LATEST TRANSACTION
control field 20211209081437.0
008 - FIXED-LENGTH DATA ELEMENTS--GENERAL INFORMATION
fixed length control field 170308r19701962nyu||||| |||| 00| 0 eng d
020 ## - INTERNATIONAL STANDARD BOOK NUMBER
International Standard Book Number 0192810138
035 ## - SYSTEM CONTROL NUMBER
System control number (BD-RjUL)65725
040 ## - CATALOGING SOURCE
Original cataloging agency BD-RjUL
Language of cataloging eng
Transcribing agency BD-RjUL
041 ## - LANGUAGE CODE
Language code of text/sound track or separate title eng
082 ## - DEWEY DECIMAL CLASSIFICATION NUMBER
Edition number 23
Classification number 882.09
Author mark and year SOP 1970
245 ## - TITLE STATEMENT
Title Sophocles, three tragedies. Antigone. Oedipus the king, Electra /
Statement of responsibility, etc. Translated into English verse by H. D. F. Kitto.
260 ## - PUBLICATION, DISTRIBUTION, ETC. (IMPRINT)
Place of publication, distribution, etc. London :
Name of publisher, distributor, etc. Oxford University Press,
Date of publication, distribution, etc. c1962 [Reprinted 1970]
300 ## - PHYSICAL DESCRIPTION
Pagination vii, 160p. ;
Size 19cm.
650 ## - SUBJECT ADDED ENTRY--TOPICAL TERM
Topical term or geographic name as entry element Greek Tragedy
9 (RLIN) 194067
700 ## - ADDED ENTRY--PERSONAL NAME
Personal name Kitto,H. D. F. , tr.
942 ## - ADDED ENTRY ELEMENTS (KOHA)
Source of classification or shelving scheme Dewey Decimal Classification
Koha item type Books
Holdings
Lost status Source of classification or shelving scheme Damaged status Not for loan Collection code Permanent Location Current Location Shelving location Date acquired Source of acquisition Cost, normal purchase price Total Checkouts Full call number Date last seen Copy number Koha item type
  Dewey Decimal Classification   Not For Loan Non-fiction Central Library, University of Rajshahi Central Library, University of Rajshahi Reading Room 27/04/1974 Oxfoed University Press. 15.40   882.09 SOP 1970 08/03/2017 C-1 Books